000 00378nam a2200169Ia 4500
001 4100
003 IN-NITTTR
005 20251114232955.0
008 251113s9999||||xx |||||||||||||| ||eng||
040 _beng
040 _cIN-NITTTR
041 _aeng
082 _a621.316 K868E
100 _aKraus, John D.
245 0 _aElectromagnetics. /
_cKraus, John D.
942 _2ddc
_cBK
999 _c6629
_d6629